书目信息 |
| 题名: |
改革开放以来马克思主义理论教育思想发展研究
|
|
| 作者: | 刘艳 著 | |
| 分册: | ||
| 出版信息: | 北京 中国书籍出版社 2015.06 |
|
| 页数: | 282页 | |
| 开本: | 25cm | |
| 丛书名: | 思想政治教育研究文库 | |
| 单 册: | ||
| 中图分类: | A811.67 | |
| 科图分类: | ||
| 主题词: | 马克思主义理论--教育思想--研究 | |
| 电子资源: | ||
| ISBN: | 978-7-5068-4871-8 | |
| 000 | 01472nam0 2200265 450 | |
| 001 | 0120151621077 | |
| 005 | 20160614143837.45 | |
| 010 | @a978-7-5068-4871-8@b精装@dCNY78.00 | |
| 100 | @a20150728d2015 em y0chiy50 ea | |
| 101 | 0 | @achi |
| 102 | @aCN@b110000 | |
| 105 | @ay z 000yy | |
| 106 | @ar | |
| 200 | 1 | @a改革开放以来马克思主义理论教育思想发展研究@9gai ge kai fang yi lai ma ke si zhu yi li lun jiao yu si xiang fa zhan yan jiu@f刘艳著 |
| 210 | @a北京@c中国书籍出版社@d2015.06 | |
| 215 | @a282页@d25cm | |
| 225 | 1 | @a思想政治教育研究文库@f教育部思想政治工作司组编 |
| 300 | @a教育部哲学社会科学研究重大课题攻关项目“马克思主义文化理论发展研究”(项目编号:11ZD003) 无锡市党建研究中心(基地)20154年立项课题“全媒体背景下创新群众工作方法研究”(WXDJ1508) 江南大学社科项目“改革开放以来中国共产党意识形态观研究”(项目编号:Z2015113000315) | |
| 330 | @a本书以时间为轴,以历史脉络为根,通过纵横两个角度,系统归纳了改革开放以来党的马克思主义理论教育思想的精髓。在纵向维度,归纳了以邓小平、江泽民、胡锦涛和习近平为主要代表的中国共产党人关于马克思主义理论教育的论述及其思想发展的清晰脉络与时代特征;从横向维度,就改革开放以来党的马克思主义理论教育思想发展的内容与特点、地位与价值进行剖析和探讨,系统论述了该思想体系的价值导向与发展趋势。 | |
| 333 | @a马克思理论政治研究人员 | |
| 606 | 0 | @a马克思主义理论@x教育思想@x研究 |
| 690 | @aA811.67@v5 | |
| 701 | 0 | @a刘艳@9liu yan@f(1984-)@4著 |
| 801 | 0 | @aCN@b人天书店@c20150728 |
| 905 | @b879178-83@dA811.67@e255@f6 | |
| 改革开放以来马克思主义理论教育思想发展研究/刘艳著.-北京:中国书籍出版社,2015.06 |
| 282页;25cm.-(思想政治教育研究文库/教育部思想政治工作司组编) |
| 教育部哲学社会科学研究重大课题攻关项目“马克思主义文化理论发展研究”(项目编号:11ZD003) 无锡市党建研究中心(基地)20154年立项课题“全媒体背景下创新群众工作方法研究”(WXDJ1508) 江南大学社科项目“改革开放以来中国共产党意识形态观研究”(项目编号:Z2015113000315).-使用对象:马克思理论政治研究人员 |
| ISBN 978-7-5068-4871-8(精装):CNY78.00 |
| 本书以时间为轴,以历史脉络为根,通过纵横两个角度,系统归纳了改革开放以来党的马克思主义理论教育思想的精髓。在纵向维度,归纳了以邓小平、江泽民、胡锦涛和习近平为主要代表的中国共产党人关于马克思主义理论教育的论述及其思想发展的清晰脉络与时代特征;从横向维度,就改革开放以来党的马克思主义理论教育思想发展的内容与特点、地位与价值进行剖析和探讨,系统论述了该思想体系的价值导向与发展趋势。 |
| ● |
| 相关链接 |
|
|
|
|
正题名:改革开放以来马克思主义理论教育思想发展研究
索取号:A811.67/255
 
预约/预借
| 序号 | 登录号 | 条形码 | 馆藏地/架位号 | 状态 | 备注 |
| 1 | 879178 | 208791789 | 第一样本阅览室/ [索取号:A811.67/255] | 在馆 | |
| 2 | 879179 | 208791798 | 教育系资料室/ [索取号:A811.67/255] | 在馆 | |
| 3 | 879180 | 208791805 | 教育系资料室/ [索取号:A811.67/255] | 在馆 | |
| 4 | 879181 | 208791814 | 教育系资料室/ [索取号:A811.67/255] | 在馆 | |
| 5 | 879182 | 208791823 | 第一借阅区/ [索取号:A811.67/255] | 在馆 | |
| 6 | 879183 | 208791832 | 第一借阅区/ [索取号:A811.67/255] | 在馆 |